000
00291nam a22001337a 4500
008
170531b xxu||||| |||| 00| 0 eng d
020
_a
9780671742713
041
_a
eng
080
_a
93
100
_a
17
101
_a
SHH
245
_a
THE TIMETABLES OF HISTORY
_c
GRUN, B
942
_2
udc
_c
BK
999
_c
15126
_d
15126